000 01039nam a22002177a 4500
005 20230828171455.0
010 _aHIN-125692
020 _c250.00
_a9789392080289
035 _aHN-98038
037 _bDBAD/PUB
082 _a615.822
100 _aअमृत लाल 'गुर्वेन्द्र'
_955502
245 _aएक्यूप्रेशर सिंद्धांत एवं प्रयोग /
_cअमृत लाल 'गुर्वेन्द्र' और गायत्री 'गुर्वेन्द्र'
260 _bकिताब महल पब्लिशर्स
_c2022
_aनई दिल्ली
270 _a4655/21 अंसारी रोड ग्राउंड फ्लोर दरियागंज
_bनई दिल्ली
_e110002
300 _a167 पृ.
_c22 सेमी(अजिल्द )
650 _x
_z
_955503
650 _v
_955504
700 _a गायत्री
_955383
942 _2ddc
_cHN
_h615.822
_mअमृत
999 _c197635
_d197635